000 00280nam a22001337a 4500
008 190305b xxu||||| |||| 00| 0 eng d
020 _a9780325029658
041 _aeng
080 _a371
100 _a46
101 _aEDU
245 _aHidden Germs
_cBomer,K
942 _2udc
_cBK
999 _c54494
_d54494